000 00460nam a2200169Ia 4500
003 GCL
008 140319s9999 xx 000 0 ara d
040 _aGCL /
_cGCL
082 0 4 _a333.33
_bا ت
100 1 _aاحمد محمد غنيم
245 1 0 _aتطور الملكية الفردية /
_cاحمد محمد غنيم
300 _a148 ص
490 _a
650 0 4 _aملكية الاراضى
650 0 4 _aالملكية, ضرائب
942 _2ddc
_cBK
999 _c38149
_d38149